OPAC Home

The Architecture of ancient Rome : The Architecture of Greece and Rome (Record no. 93881)

MARC details
000 -LEADER
fixed length control field 00562nam a2200193Ia 4500
003 - CONTROL NUMBER IDENTIFIER
control field LK-CoDNM
005 - DATE AND TIME OF LATEST TRANSACTION
control field 20240729121124.0
008 - FIXED-LENGTH DATA ELEMENTS--GENERAL INFORMATION
fixed length control field 010623t1927 xxu||||| |||| 00| 1 eng d
040 ## - CATALOGING SOURCE
Original cataloging agency LK-CoDNM
Modifying agency LK-CoDNM
Description conventions LK-CoDNM
041 ## - LANGUAGE CODE
Language code of text/sound track or separate title English
080 ## - UNIVERSAL DECIMAL CLASSIFICATION NUMBER
Universal Decimal Classification number 14
Item number P22
942 ## - ADDED ENTRY ELEMENTS (KOHA)
Koha item type Books
100 ## - MAIN ENTRY--PERSONAL NAME
Personal name Anderson,William.J.
700 ## - ADDED ENTRY--PERSONAL NAME
Personal name Dinsmoor,William Bell.
Relator term editor
700 ## - ADDED ENTRY--PERSONAL NAME
Personal name Spiers,R.Phene.
245 ## - TITLE STATEMENT
Title The Architecture of ancient Rome : The Architecture of Greece and Rome
260 ## - PUBLICATION, DISTRIBUTION, ETC. (IMPRINT)
Name of publisher, distributor, etc. B.T.Batsford Ltd
Place of publication, distribution, etc. London
Date of publication, distribution, etc. 1927
300 ## - PHYSICAL DESCRIPTION
Other physical details x, 241. : ilL . map ; 23 cm
Holdings
Withdrawn status Lost status Damaged status Not for loan Collection code Permanent Location Current Location Shelving location Date acquired Full call number Barcode Koha item type
    Damaged   Old Books Collection Library National Museum Colombo - Sri Lanka Library National Museum Colombo - Sri Lanka Reference 2024-07-29 14 P22 OB3459 Books
Copyright © 2023 Department of National Museum, Colombo 07, Sri Lanka Funded by UNESCO IFAP UNESCO